<?xml version="1.0" encoding="UTF-8"?><?xml-stylesheet type="text/xsl" href="static/style.xsl"?><OAI-PMH xmlns="http://www.openarchives.org/OAI/2.0/" xmlns:xsi="http://www.w3.org/2001/XMLSchema-instance" xsi:schemaLocation="http://www.openarchives.org/OAI/2.0/ http://www.openarchives.org/OAI/2.0/OAI-PMH.xsd"><responseDate>2026-04-13T02:38:00Z</responseDate><request verb="GetRecord" identifier="oai:www.recercat.cat:2072/397372" metadataPrefix="marc">https://recercat.cat/oai/request</request><GetRecord><record><header><identifier>oai:recercat.cat:2072/397372</identifier><datestamp>2024-10-29T19:41:08Z</datestamp><setSpec>com_2072_98</setSpec><setSpec>col_2072_378192</setSpec></header><metadata><record xmlns="http://www.loc.gov/MARC21/slim" xmlns:dcterms="http://purl.org/dc/terms/" xmlns:xsi="http://www.w3.org/2001/XMLSchema-instance" xmlns:doc="http://www.lyncode.com/xoai" xsi:schemaLocation="http://www.loc.gov/MARC21/slim http://www.loc.gov/standards/marcxml/schema/MARC21slim.xsd">
   <leader>00925njm 22002777a 4500</leader>
   <datafield ind2=" " ind1=" " tag="042">
      <subfield code="a">dc</subfield>
   </datafield>
   <datafield ind2=" " ind1=" " tag="720">
      <subfield code="a">Patiño Santos, Adriana</subfield>
      <subfield code="e">author</subfield>
   </datafield>
   <datafield ind2=" " ind1=" " tag="260">
      <subfield code="c">2007</subfield>
   </datafield>
   <datafield ind2=" " ind1=" " tag="520">
      <subfield code="a">Este texto se presentó como comunicación al II Congreso Internacional de Etnografía y Educación: Migraciones y Ciudadanías. Universidad Autónoma de Barcelona, Barcelona, 5-8 Septiembre 2008.</subfield>
   </datafield>
   <datafield ind2=" " ind1=" " tag="520">
      <subfield code="a">Esta presentación muestra las formas de participación (formas de acceso, el / los papel(es) jugados, etc.) y el trabajo realizado por un grupo de investigadores que ha estudiado las aulas madrileñas durante los últimos años. Poniendo especial atención en la que se considera la lengua / variedad legítima de intercambio dentro y fuera del aula, se muestra cómo se ha llevado a cabo el análisis de datos de tipo interaccional recogidos en cuatro institutos de Secundaria de la Comunidad de Madrid con diferentes programas para atender a la diversidad (métodos de enseñanza tradicionales, clases de apoyo escolar, programas de inmersión / submersión lingüística). Con dicho trabajo etnográfico se ha intentado evaluar y cuestionar, de manera crítica, lo que se considera "natural" o "normal" a la hora de gestionar la diversidad multilingüe y cultural.</subfield>
   </datafield>
   <datafield tag="653" ind2=" " ind1=" ">
      <subfield code="a">Etnògraf</subfield>
   </datafield>
   <datafield tag="653" ind2=" " ind1=" ">
      <subfield code="a">Paper</subfield>
   </datafield>
   <datafield tag="653" ind2=" " ind1=" ">
      <subfield code="a">Dilemes metodològics</subfield>
   </datafield>
   <datafield tag="653" ind2=" " ind1=" ">
      <subfield code="a">Context</subfield>
   </datafield>
   <datafield tag="653" ind2=" " ind1=" ">
      <subfield code="a">Centres escolars</subfield>
   </datafield>
   <datafield tag="653" ind2=" " ind1=" ">
      <subfield code="a">Atenció a la diversitat</subfield>
   </datafield>
   <datafield tag="653" ind2=" " ind1=" ">
      <subfield code="a">Etnógrafo</subfield>
   </datafield>
   <datafield tag="653" ind2=" " ind1=" ">
      <subfield code="a">Papel</subfield>
   </datafield>
   <datafield tag="653" ind2=" " ind1=" ">
      <subfield code="a">Dilemas metodológicos</subfield>
   </datafield>
   <datafield tag="653" ind2=" " ind1=" ">
      <subfield code="a">Contexto</subfield>
   </datafield>
   <datafield tag="653" ind2=" " ind1=" ">
      <subfield code="a">Centros escolares</subfield>
   </datafield>
   <datafield tag="653" ind2=" " ind1=" ">
      <subfield code="a">Atención a la diversidad</subfield>
   </datafield>
   <datafield ind2="0" ind1="0" tag="245">
      <subfield code="a">Panel : la etnografía sociolingüística : enfoques y resultados. Panel 1 : La etnografia sociolingüística : enfoque y métodos. Los etnógrafos en los centros. La continua negociación de la participación</subfield>
   </datafield>
</record></metadata></record></GetRecord></OAI-PMH>